Normal view
MARC view
- Datta A.C .
Entry Personal Name
001 - CONTROL NUMBER
- control field: 1213
003 - CONTROL NUMBER IDENTIFIER
- control field: OSt
005 - DATE AND TIME OF LATEST TRANSACTION
- control field: 20160727155303.0
008 - FIXED-LENGTH DATA ELEMENTS
- fixed length control field: 160727|| aca||aabn | a|a d
040 ## - CATALOGING SOURCE
- Original cataloging agency: OSt
- Transcribing agency: OSt
100 ## - HEADING--PERSONAL NAME
- Personal name: Datta A.C .
670 ## - SOURCE DATA FOUND
- Source citation: Work cat.: (OSt)69: Radhey , Lal . 1212, Agricultural Engineering (Throuh Worked Examples) / , 2005
